Regional National Accounts (Record no. 6479)

MARC details
000 -LEADER
fixed length control field 00481nam a22002177i 4500
001 - CONTROL NUMBER
control field 7623
003 - CONTROL NUMBER IDENTIFIER
control field OSt
005 - DATE AND TIME OF LATEST TRANSACTION
control field 20181105084958.0
007 - PHYSICAL DESCRIPTION FIXED FIELD--GENERAL INFORMATION
fixed length control field tu
008 - FIXED-LENGTH DATA ELEMENTS--GENERAL INFORMATION
fixed length control field 161220s xxu||||| |||| 00| 0 rum d
024 7# - OTHER STANDARD IDENTIFIER
Standard number or code 7623
Source of number or code RID
024 7# - OTHER STANDARD IDENTIFIER
Standard number or code 7623
Source of number or code RSN (alt)
040 ## - CATALOGING SOURCE
Transcribing agency OSt
041 ## - LANGUAGE CODE
Language code of text/sound track or separate title rum
110 2# - MAIN ENTRY--CORPORATE NAME
Corporate name or jurisdiction name as entry element National Commission for Statistics
245 00 - TITLE STATEMENT
Title Regional National Accounts
260 ## - PUBLICATION, DISTRIBUTION, ETC.
Place of publication, distribution, etc. Bukarest.
651 ## - SUBJECT ADDED ENTRY--GEOGRAPHIC NAME
Geographic name Romania
856 ## - ELECTRONIC LOCATION AND ACCESS
Uniform Resource Identifier <a href="http://www.insse.ro/">http://www.insse.ro/</a>
942 ## - ADDED ENTRY ELEMENTS (KOHA)
Koha item type Statistics
Holdings
Withdrawn status Lost status Damaged status Not for loan Home library Current library Shelving location Date acquired Inventory number Total Checkouts Barcode Date last seen Price effective from Koha item type
        WIIW WIIW Library 07/19/2007 7623   10003593 01/26/2017 01/26/2017 Statistics
The Vienna Instiute for International Economic Studies (wiiw)